000 00685nam a2200289Ia 4500
005 20260324124624.0
008 008 260324s9999 xx 000 0 eng d
020 _a9781315612225
037 _aEBOOK
040 _aCRL
040 _beng
040 _cCRL
041 _2eng
041 _aeng
084 _qCRL
100 _aBertil Albrektson
_91174870
245 0 _aText, Translation, Theology
245 0 _bSelected Essays on the Hebrew Bible
260 _bTaylor and Francis
260 _c2010
365 _a
365 _b240
856 _uhttp://www.taylorfrancis.com/books/9781315612225
942 _cEBOOK
999 _c1769399
_d1769399